[Event "Challenge"]
[Site "http://www.queenalice.com/game.php?id=330695"]
[Date "2008.1.4"]
[Round "-"]
[White "parbuster43"]
[Black "fop"]
[Result "1-0"]
[WhiteElo "1633"]
[BlackElo "1420"]

1. e4 e5 2. d4 Nc6 3. Nf3 Bb4+ 4. c3 Ba5 5. Bc4 Nh6 6. Nbd2 d6 7. Nb3 Be6 8. d5
Bxd5 9. exd5 e4 10. dxc6 bxc6 11. Nxa5 exf3 12. Qxf3 d5 13. Nxc6 Qf6 14. Bxd5
Qf5 15. Qe2+ Kd7 16. Qe7+ Kc8 17. Be4 Qd7 18. Qxd7+ Kxd7 19. Nb4 Rae8 20. Bxh6
Rxe4+ 21. Be3 a5 22. Nd3 Kc8 23. Nc5 Rc4 24. O-O f5 25. Bd4 f4 26. b3 Rxd4 27.
cxd4 Re8 28. Rfe1 Rf8 29. Re7 Rg8 30. Rc1 g5 31. Rxh7 Rd8 32. Ne6 Rd6 33. Rcxc7+
Kb8 34. Rh8+ Rd8 35. Rxd8# 1-0

[Event "Challenge"]
[Site "http://www.queenalice.com/game.php?id=331555"]
[Date "2008.1.6"]
[Round "-"]
[White "Chupaca"]
[Black "fop"]
[Result "1-0"]
[WhiteElo "1375"]
[BlackElo "1659"]

1. d4 e6 2. e4 d5 3. Nc3 Nf6 4. Bg5 Nbd7 5. Bb5 c6 6. Bd3 h6 7. Bh4 g5 8. Bg3
Nb6 9. Nf3 Bb4 10. Be5 Nbd7 11. a3 Bxc3+ 12. bxc3 Qa5 13. O-O Qxc3 14. exd5 cxd5
15. Bb5 O-O 16. Bd6 Re8 17. Be5 Re7 18. Bd6 Re8 19. Bb4 Qc7 20. Qd2 Ne4 21. Qe3
Ndf6 22. Ne5 a6 23. Bxe8 Nxe8 24. Qe2 a5 25. Ng4 axb4 26. axb4 Rxa1 27. Rxa1 Qb8
28. Qf3 f5 29. Ne5 N8f6 30. Qa3 Ng4 31. f3 Nxe5 32. fxe4 Ng4 33. e5 Qc7 34. h3
Ne3 35. Qxe3 Qxc2 36. Rc1 Qe4 37. Qc3 Bd7 38. Qc7 Bb5 39. Qd8+ Kf7 40. Qf6+ Ke8
41. Rc8+ Kd7 42. Qd8# 1-0

[Event "Invitation"]
[Site "http://www.queenalice.com/game.php?id=355442"]
[Date "2008.2.16"]
[Round "-"]
[White "fop"]
[Black "Josecarlos"]
[Result "1-0"]
[WhiteElo "1500"]
[BlackElo "1577"]

1. d4 d5 2. Nf3 Nc6 3. Na3 Nf6 4. c4 e6 5. b3 b6 6. g3 Bb4+ 7. Nd2 Nxd4 8. Nc2
Ne4 9. Nxb4 Qf6 10. f3 Nc3 11. Ne4 Nxf3+ 12. exf3 dxe4 13. Qc2 exf3 14. Bd3 Bb7
15. Kf2 g6 16. Bb2 O-O-O 17. Bxc3 e5 18. Rhe1 Rhe8 19. Rad1 Qg7 20. Be4 Bxe4 21.
Qxe4 Rxd1 22. Rxd1 Kb8 23. Rd5 f6 24. Qxf3 Qh6 25. h4 e4 26. Qxf6 e3+ 27. Ke2
Kc8 28. Qf7 Rf8 29. Qe7 Rf2+ 30. Kd3 Rf8 31. Bg7 1-0

[Event "fop vs Rafael"]
[Site "http://www.queenalice.com/game.php?id=357680"]
[Date "2008.2.20"]
[Round "-"]
[White "fop"]
[Black "technicaldraw"]
[Result "0-1"]
[WhiteElo "1486"]
[BlackElo "1928"]

1. d4 Nf6 2. c4 e6 3. a3 c5 4. Nf3 cxd4 5. Nxd4 Be7 6. f3 Nc6 7. Bd2 Nxd4 8. e3
Nc6 9. Nc3 O-O 10. e4 d5 11. Bd3 Ne5 12. Qe2 Nxd3+ 13. Qxd3 dxc4 14. Qxc4 a6 15.
Qe2 Bd7 16. g4 Bc6 17. b3 Qb6 18. b4 Rfd8 19. O-O-O Rac8 20. Be3 Rxd1+ 21. Rxd1
Qc7 22. Qd2 Ba4 23. Re1 Qxc3+ 24. Qxc3 Rxc3+ 25. Kb1 Rxa3 26. Bd4 Bxb4 27. Rc1
Rb3+ 28. Ka2 Rxf3 29. e5 Bb3+ 30. Kb2 Bd5 31. Rc8+ Bf8 32. Bc5 Nd7 33. Bd6 g6
34. g5 Rf2+ 35. Ka3 Rxh2 36. Rc7 Bc6 37. Rc8 Kg7 38. Kb4 Bxd6+ 0-1

[Event "Challenge"]
[Site "http://www.queenalice.com/game.php?id=359326"]
[Date "2008.2.23"]
[Round "-"]
[White "fop"]
[Black "Chupaca"]
[Result "0-1"]
[WhiteElo "1478"]
[BlackElo "1532"]

1. d4 d5 2. Nf3 Nc6 3. Nc3 f6 4. e4 e6 5. a3 Bd7 6. g4 dxe4 7. Nxe4 b6 8. Bd2
Qe7 9. Qe2 g6 10. Bb4 Qf7 11. O-O-O Nxb4 12. axb4 Bxb4 13. Qa6 Nh6 14. Qb7 O-O
15. Qxc7 Nxg4 16. c3 f5 17. Nd6 Qe7 18. cxb4 Nxf2 19. Bb5 Nxh1 20. Rxh1 Rfd8 21.
Kb1 Kf8 22. Rc1 Bxb5 23. Nxb5 Qxb4 24. Ne5 Kg8 25. Qc6 Rac8 26. Qxe6+ Kg7 27.
Rxc8 Rxc8 28. Qxc8 Qxb5 29. Qb7+ Kf6 30. Nf7 Qd3+ 31. Kc1 Qc4+ 32. Kb1 Qxf7 33.
Qc6+ Qe6 34. Qb7 f4 35. d5 Qd6 36. Qa8 f3 37. Qh8+ Kg5 38. Qxh7 f2 39. Qf7 Qf6
0-1

[Event "Challenge"]
[Site "http://www.queenalice.com/game.php?id=362043"]
[Date "2008.2.27"]
[Round "-"]
[White "fop"]
[Black "Gera"]
[Result "0-1"]
[WhiteElo "1488"]
[BlackElo "1876"]

1. e4 d6 2. d4 c5 3. c3 cxd4 4. cxd4 Bd7 5. Bc4 g6 6. Qf3 e6 7. d5 e5 8. Nh3
Bxh3 9. Qxh3 a6 10. a4 Nd7 11. O-O Nc5 12. Nd2 Nf6 13. Re1 h5 14. b4 Ncd7 15.
Bb2 Qb6 16. b5 Ng4 17. Re2 Ndf6 0-1

[Event "Challenge"]
[Site "http://www.queenalice.com/game.php?id=363882"]
[Date "2008.3.1"]
[Round "-"]
[White "fop"]
[Black "Gera"]
[Result "0-1"]
[WhiteElo "1486"]
[BlackElo "1793"]

1. d4 d5 2. e3 e6 3. Bd3 Nd7 4. Nf3 Ngf6 5. Nh4 Be7 6. Nc3 O-O 7. O-O c5 8. b3
cxd4 9. exd4 a6 10. a4 Qc7 0-1

[Event "fop 2"]
[Site "http://www.queenalice.com/game.php?id=364024"]
[Date "2008.3.1"]
[Round "-"]
[White "fop"]
[Black "technicaldraw"]
[Result "0-1"]
[WhiteElo "1422"]
[BlackElo "2053"]

1. e4 e6 2. d4 d5 3. Nc3 Bb4 4. Bd2 dxe4 5. a3 Bxc3 6. Bxc3 f5 7. Nh3 Nf6 8. Qd2
O-O 9. Nf4 g5 10. Nh3 h6 11. Nxg5 hxg5 12. Qxg5+ Kf7 13. d5 Rg8 14. dxe6+ Bxe6
15. Qh6 Rg6 16. Qf4 Nc6 17. Qe3 Nd5 18. Qd2 Nxc3 19. Qxc3 Qd4 20. Qh3 Rh8 21. c3
Rxh3 22. cxd4 Rb3 23. Rc1 Rxb2 24. Be2 Nxd4 25. Rxc7+ Kf6 26. Bh5 Rb1+ 27. Bd1
Bb3 28. O-O Rxd1 29. Rxd1 Bxd1 30. h3 Rg7 31. Rc8 a5 32. Rd8 Ke5 33. f4+ Kxf4
34. Rxd4 Bb3 35. a4 Ke3 36. Rd6 Bxa4 37. Rd5 f4 38. Rxa5 b5 39. Ra6 f3 40. Rc6
Rxg2+ 41. Kf1 b4 42. Rc4 Bb5 0-1

[Event "Challenge"]
[Site "http://www.queenalice.com/game.php?id=365420"]
[Date "2008.3.4"]
[Round "-"]
[White "Gera"]
[Black "fop"]
[Result "1-0"]
[WhiteElo "1932"]
[BlackElo "1482"]

1. e4 e5 2. Nf3 Nc6 3. Bb5 Nb4 4. Nxe5 a6 5. Be2 f6 6. Nf3 d6 7. O-O c5 8. Nc3
Be6 9. d3 h6 10. Nh4 Ne7 11. f4 Qb6 12. Be3 g5 13. Bh5+ Kd8 14. f5 Bd7 15. Ne2
gxh4 16. d4 h3 17. g3 Qc6 18. Bf3 h5 19. e5 Nxf5 20. Bxc6 Bxc6 21. Rxf5 Nd5 22.
Qd2 Bg7 23. c4 Ne7 24. Rff1 d5 25. Qa5+ Kc8 26. exf6 Nf5 27. Bf4 Kd7 28. Qc7+
1-0

[Event "Challenge"]
[Site "http://www.queenalice.com/game.php?id=365535"]
[Date "2008.3.4"]
[Round "-"]
[White "Josecarlos"]
[Black "fop"]
[Result "1/2-1/2"]
[WhiteElo "1713"]
[BlackElo "1409"]

1. c3 f5 2. d4 Nf6 3. f3 d5 4. Nh3 h6 5. e3 e6 6. Be2 a6 7. Nf4 Bd6 8. Ng6 Rg8
9. O-O Nbd7 10. f4 Nf8 11. Bh5 Kd7 12. Qb3 Nxh5 13. Ne5+ Ke7 14. Nd2 Bxe5 15.
dxe5 g5 16. Nf3 gxf4 17. exf4 b5 18. Be3 Nd7 19. Qc2 c5 20. Qf2 Qa5 21. Qh4+ Ke8
22. Qxh5+ Kd8 23. Qxh6 Kc7 24. Qxe6 Rf8 25. Qe7 Bb7 26. Bxc5 Rae8 27. Qd6+ Kc8
28. e6 Nf6 29. e7 Rf7 30. Qe6+ Kb8 31. Qxf7 Qc7 32. Qxf6 Qxc5+ 33. Nd4 Qxe7 34.
Qxe7 Rxe7 35. Nxf5 Re6 36. Nd4 Re7 37. f5 Rf7 38. g4 Kc7 39. f6 Bc8 40. g5 Rd7
1/2-1/2

[Event "Challenge"]
[Site "http://www.queenalice.com/game.php?id=368813"]
[Date "2008.3.10"]
[Round "-"]
[White "fop"]
[Black "Josecarlos"]
[Result "0-1"]
[WhiteElo "1422"]
[BlackElo "1779"]

1. e4 e5 2. Bb5 Nf6 3. f3 a6 4. Bc4 d6 5. h3 Nc6 6. c3 d5 7. exd5 Nxd5 8. Bxd5
Qxd5 9. Qe2 Bd6 10. h4 O-O 11. Nh3 h6 12. g4 Re8 13. O-O Bd7 14. b3 e4 15. c4
Qd4+ 16. Qe3 Qe5 17. f4 Bc5 18. fxe5 Bxe3+ 19. dxe3 Nxe5 20. g5 Bxh3 21. Re1
Nf3+ 22. Kf2 Nxe1 23. Kxe1 h5 24. Ba3 Rad8 25. Nd2 Re6 26. Rd1 f5 27. b4 Rd3 28.
Bb2 Rxe3+ 29. Kf2 f4 30. Bd4 Rg3 31. Ke2 f3+ 32. Ke3 Rg4 33. Nf1 Rxh4 34. Nh2
Bg2 35. Nf1 Rg4 36. c5 h4 37. Rc1 h3 38. Nh2 Rxg5 39. a4 Rf5 40. Kf2 g5 41. b5
Rf4 42. Re1 g4 43. c6 bxc6 44. b6 cxb6 45. Bxb6 Rd6 46. Kg3 Rf7 47. Rxe4 Rb7 48.
Bc5 Rd5 49. Re8+ Kf7 50. Rf8+ Ke6 51. Be3 Rf7 52. Re8+ Re7 53. Rc8 Kd7 54. Bg5
Rxg5 55. Ra8 Ra5 56. Nxg4 Re6 57. Kh2 Rxa4 58. Kg3 Rg6 0-1

[Event "Challenge"]
[Site "http://www.queenalice.com/game.php?id=369198"]
[Date "2008.3.11"]
[Round "-"]
[White "Chupaca"]
[Black "fop"]
[Result "1-0"]
[WhiteElo "1660"]
[BlackElo "1409"]

1. e3 g5 2. d4 c6 3. Bd2 Bh6 4. c4 Nf6 5. Nf3 d6 6. Nc3 b6 7. Bd3 Na6 8. e4 Bb7
9. a3 c5 10. d5 O-O 11. Rb1 Qd7 12. Nxg5 Bg7 13. Nb5 Ng4 14. Qf3 Ne5 15. Qh5
Rfe8 16. Qxh7+ Kf8 17. Ne6+ fxe6 18. Bh6 Bxh6 19. Qxh6+ Kg8 20. Be2 exd5 21. Bh5
Nd3+ 22. Ke2 Nf4+ 23. Qxf4 Rf8 24. Qh6 dxc4 25. Bg6 Qg4+ 26. Ke1 Rf7 27. Bxf7+
Kxf7 28. Qh7+ Kf6 29. f3 Qxg2 30. Rf1 Rf8 31. Nxd6 Bc6 32. Rd1 Ba4 33. Qh6+ Qg6
34. Qxf8+ Ke6 35. Nc8 Bxd1 36. Qxe7# 1-0

[Event "Challenge"]
[Site "http://www.queenalice.com/game.php?id=369319"]
[Date "2008.3.11"]
[Round "-"]
[White "fop"]
[Black "Kingfish"]
[Result "0-1"]
[WhiteElo "1452"]
[BlackElo "1440"]

1. b4 Nf6 2. f4 g6 3. Nf3 Bg7 4. Nc3 d5 5. d4 Nc6 6. e3 Bg4 7. Ba3 Ne4 8. Qd3
Bf5 9. h3 Ng3 10. e4 dxe4 11. Qe3 exf3 12. b5 Nxd4 13. Qxe7+ Qxe7+ 14. Bxe7 Kxe7
15. Bc4 Nxc2+ 16. Kf2 Nxh1+ 17. Rxh1 fxg2 18. Rg1 Bd4+ 19. Kxg2 Bxg1 20. Kxg1
Rad8 21. Bd5 Bxh3 22. Kh2 Be6 23. Bxb7 Rd2+ 24. Bg2 Ne3 25. Nd1 Rxg2+ 26. Kh1
Nxd1 27. Kxg2 Bxa2 28. Kf3 h5 29. Kg3 h4+ 30. Kh3 Be6+ 31. Kg2 Nc3 32. Kf3 h3
33. Ke3 h2 0-1

[Event "fop"]
[Site "http://www.queenalice.com/game.php?id=376944"]
[Date "2008.3.25"]
[Round "-"]
[White "foda"]
[Black "fop"]
[Result "0-1"]
[WhiteElo "1411"]
[BlackElo "1420"]

1. e4 e5 2. Bc4 Nh6 3. d3 g6 4. Qf3 c6 5. Bxh6 Qe7 6. Bg5 f6 7. Bxf6 Qb4+ 8. Nc3
Rg8 9. Rb1 d5 10. exd5 cxd5 11. Bxd5 Bf5 12. Bxb7 Be7 13. Bxa8 Bxf6 14. Bc6+ Kd8
15. Qd5+ Ke7 16. Qxg8 Nxc6 17. Qxh7+ Ke6 18. Qc7 Qc5 19. Qc8+ Ke7 20. Nf3 Bxc8
21. Rd1 Nb4 22. Rc1 a5 23. a3 Nd5 24. Nxd5+ Qxd5 25. O-O Qa2 26. b4 a4 27. Rfe1
Ke6 28. d4 Qxa3 29. Nxe5 Bg5 30. Rb1 Qc3 31. Nxg6+ Kd6 32. Nf8 Qxc2 33. g3 Bh6
34. f4 Bxf8 35. Rbc1 Qf5 36. Rcd1 Bb7 37. Re5 Qc2 38. Rde1 Qg2# 0-1

[Event "Challenge"]
[Site "http://www.queenalice.com/game.php?id=457753"]
[Date "2008.9.3"]
[Round "-"]
[White "fop"]
[Black "Chupaca"]
[Result "0-1"]
[WhiteElo "1439"]
[BlackElo "1640"]

1. d4 d5 2. Nc3 e6 3. e3 Nc6 4. Bd2 Bd7 5. Qe2 Nb4 6. O-O-O Nf6 7. a3 Nc6 8. g4
Be7 9. Nh3 Ne4 10. Nxe4 dxe4 11. Bc3 Rg8 12. Bg2 f5 13. g5 Bxg5 14. d5 exd5 15.
Rxd5 Bf6 16. f3 Bxc3 17. bxc3 Qf6 18. Qd2 O-O-O 19. Nf4 g5 20. Nh5 Qe7 21. Kb2
Be6 22. c4 Bxd5 23. cxd5 Qe5+ 24. c3 Rxd5 25. Qc2 Rgd8 26. f4 gxf4 27. exf4 Nd4
28. Rd1 Rb5+ 29. Ka1 Nxc2+ 0-1

[Event "Challenge"]
[Site "http://www.queenalice.com/game.php?id=511945"]
[Date "2008.12.24"]
[Round "-"]
[White "Drica"]
[Black "fop"]
[Result "1-0"]
[WhiteElo "1711"]
[BlackElo "1430"]

1. e4 e5 2. Bc4 Nh6 3. Qf3 Qe7 4. d3 c6 5. Bg5 f6 6. Bh4 g5 7. Qh5+ Nf7 8. Bg3
b5 9. Bb3 d6 10. c4 Nd7 11. cxb5 cxb5 12. Na3 Ba6 13. Ne2 O-O-O 14. Qxf7 b4 15.
Qxe7 Bxe7 16. Nc2 Bxd3 17. Nxb4 Bxe4 18. f3 Bb7 19. O-O Nc5 20. Bd5 Rd7 21.
Bxb7+ Rxb7 22. Nd5 Bd8 23. Rac1 Rxb2 24. Nec3 h6 25. Na4 Rxa2 26. Nxc5 Bb6 27.
Bf2 Bxc5 28. Bxc5 dxc5 29. Rxc5+ Kb7 30. Rb1+ 1-0

[Event "Let's Play 466"]
[Site "http://www.queenalice.com/game.php?id=1648439"]
[Date "2021.4.2"]
[Round "-"]
[White "fop"]
[Black "digger"]
[Result "0-1"]
[WhiteElo "1413"]
[BlackElo "1593"]

1. e4 e5 2. Nc3 d6 3. d3 Nf6 4. Be3 Bd7 5. g3 Nc6 6. Nf3 Bg4 7. Bg2 h5 8. h3 Be6
9. b3 d5 10. Ng5 d4 11. Bd2 dxc3 12. Bxc3 Qe7 13. Qd2 O-O-O 14. h4 g6 15. Qe3
Bh6 16. d4 exd4 17. Qd3 Ng4 18. Bd2 Bd7 19. f3 Nge5 20. Qe2 f6 21. f4 fxg5 22.
hxg5 Nf7 23. gxh6 Nxh6 24. O-O-O Bg4 25. Bf3 Rhe8 26. Rde1 Nf7 27. Qd3 Bxf3 28.
Qxf3 Qf6 29. a3 Nce5 30. Qf1 Ng4 31. Rg1 Nh2 32. Qf2 Ng4 33. Qg2 Qd6 34. Bb4 Qb6
35. Qd2 Nf6 36. Qd3 Nh8 37. Rg2 c5 38. Qc4 Nxe4 39. Rxe4 Rxe4 40. Bxc5 Qc6 41.
Bxa7 d3 42. Qxc6+ bxc6 43. Bb6 d2+ 44. Rxd2 Re1+ 45. Kb2 Rxd2 46. Kc3 Rg2 47.
Bd4 Nf7 48. a4 Rxg3+ 49. Kb2 Re2 50. a5 Kb7 51. Bc3 Nd6 52. Bd4 Rd2 53. Bc5 Nb5
54. Bb4 Rf2 55. Be1 Rfg2 56. Bb4 Nd4 0-1

[Event "Let's Play 470"]
[Site "http://www.queenalice.com/game.php?id=1648443"]
[Date "2021.4.2"]
[Round "-"]
[White "fop"]
[Black "digger"]
[Result "0-1"]
[WhiteElo "1424"]
[BlackElo "1560"]

1. e4 e5 2. Nc3 d6 3. b3 Nf6 4. d3 Be7 5. g3 O-O 6. Be3 Ng4 7. Bd2 h5 8. f3 Nf6
9. h3 g6 10. h4 Nc6 11. f4 Nd4 12. Nge2 Nf3+ 13. Kf2 Nxd2 14. Qxd2 Bg4 15. Na4
Bd7 16. Qb4 b6 17. c3 d5 18. Bg2 Bxb4 19. cxb4 b5 20. Nac3 c6 21. d4 exf4 22.
Nxf4 dxe4 23. Nxe4 Ng4+ 24. Ke2 Re8 25. Rad1 Bf5 26. Kd3 Bxe4+ 27. Bxe4 Nf2+ 28.
Ke3 Nxh1 29. Rxh1 Qe7 30. Kf2 Qxe4 31. Re1 Qxd4+ 0-1

[Event "Let's Play H-87"]
[Site "http://www.queenalice.com/game.php?id=1758693"]
[Date "2021.5.8"]
[Round "-"]
[White "fop"]
[Black "Rider"]
[Result "0-1"]
[WhiteElo "1404"]
[BlackElo "1541"]

1. e4 e5 2. Nf3 d6 3. Bc4 Qf6 4. d3 Bg4 5. h3 Be6 6. Qd2 Bxc4 7. Qc3 Ba6 8. Qxc7
Qd8 9. Qc3 Nd7 10. Bg5 f6 11. Bh4 g5 12. Bg3 Bg7 13. h4 g4 14. Nh2 h5 15. Nf1
Rc8 16. Qb3 Nc5 17. Qb4 Ne7 18. Ne3 Nxd3+ 19. cxd3 Qd7 20. Nc3 b6 21. O-O-O Rc6
22. Qa4 b5 23. Qb4 O-O 24. d4 Ng6 25. f3 gxf3 26. gxf3 Rd8 27. Kb1 Rdc8 28. d5
Rc5 29. Qa5 Qb7 30. Nf5 b4 31. Nxd6 Qb6 32. Qxb6 axb6 33. Rh2 bxc3 34. b4 c2+
35. Kc1 cxd1=Q+ 36. Kxd1 Rc1+ 37. Kd2 R8c2+ 38. Ke3 Re1+ 39. Bxe1 Rxh2 40. b5
Bxb5 41. Nxb5 Nf4 42. Bg3 Re2# 0-1